| 000 -LEADER |
| fixed length control field |
01678cam a2200397 a 4500 |
| 001 - CONTROL NUMBER |
| control field |
15764046 |
| 003 - CONTROL NUMBER IDENTIFIER |
| control field |
Nust |
| 005 - DATE AND TIME OF LATEST TRANSACTION |
| control field |
20220831095108.0 |
| 008 - FIXED-LENGTH DATA ELEMENTS--GENERAL INFORMATION |
| fixed length control field |
090605s2009 ilub b 000 1 eng |
| 010 ## - LIBRARY OF CONGRESS CONTROL NUMBER |
| LC control number |
2009022444 |
| 020 ## - INTERNATIONAL STANDARD BOOK NUMBER |
| International Standard Book Number |
9780751536607 (pbk) |
| 035 ## - SYSTEM CONTROL NUMBER |
| System control number |
(OCoLC)ocn313661037 |
| 040 ## - CATALOGING SOURCE |
| Original cataloging agency |
DLC |
| Transcribing agency |
DLC |
| Modifying agency |
IG# |
| -- |
BTCTA |
| -- |
IK2 |
| -- |
CDX |
| -- |
GO3 |
| -- |
DLC |
| 043 ## - GEOGRAPHIC AREA CODE |
| Geographic area code |
e-uk--- |
| 050 00 - LIBRARY OF CONGRESS CALL NUMBER |
| Classification number |
PR6053.H245 |
| Item number |
G74 2009 |
| 082 00 - DEWEY DECIMAL CLASSIFICATION NUMBER |
| Classification number |
823.914 |
| Author Mark |
CHA |
| 100 1# - MAIN ENTRY--PERSONAL NAME |
| Personal name |
Chadwick, Elizabeth, |
| Dates associated with a name |
1957- |
| 9 (RLIN) |
11895 |
| 245 14 - TITLE STATEMENT |
| Title |
The greatest knight : |
| Statement of responsibility, etc. |
Elizabeth Chadwick. |
| 260 ## - PUBLICATION, DISTRIBUTION, ETC. |
| Place of publication, distribution, etc. |
Naperville, Ill. : |
| Name of publisher, distributor, etc. |
Sourcebooks Landmark, |
| Date of publication, distribution, etc. |
2009. |
| 300 ## - PHYSICAL DESCRIPTION |
| Extent |
552 p. : |
| Other physical details |
maps ; |
| Dimensions |
21 cm. |
| 500 ## - GENERAL NOTE |
| General note |
Originally published by Time Warner Books, 2005. |
| 504 ## - BIBLIOGRAPHY, ETC. NOTE |
| Bibliography, etc. note |
Includes bibliographical references (p. 535) |
| 600 10 - SUBJECT ADDED ENTRY--PERSONAL NAME |
| Personal name |
Pembroke, William Marshal, |
| Titles and other words associated with a name |
Earl of, |
| Dates associated with a name |
1144?-1219 |
| Form subdivision |
Fiction. |
| 9 (RLIN) |
98707 |
| 600 00 - SUBJECT ADDED ENTRY--PERSONAL NAME |
| Personal name |
Eleanor, |
| Titles and other words associated with a name |
of Aquitaine, Queen, consort of Henry II, King of England, |
| Dates associated with a name |
1122?-1204 |
| Form subdivision |
Fiction. |
| 9 (RLIN) |
98708 |
| 650 #0 - SUBJECT ADDED ENTRY--TOPICAL TERM |
| Topical term or geographic name entry element |
Knights and knighthood |
| Geographic subdivision |
Great Britain |
| Form subdivision |
Fiction. |
| 9 (RLIN) |
98709 |
| 650 #0 - SUBJECT ADDED ENTRY--TOPICAL TERM |
| Topical term or geographic name entry element |
Favorites, Royal |
| Geographic subdivision |
Great Britain |
| Form subdivision |
Fiction. |
| 9 (RLIN) |
98710 |
| 651 #0 - SUBJECT ADDED ENTRY--GEOGRAPHIC NAME |
| Geographic name |
Great Britain |
| General subdivision |
History |
| Chronological subdivision |
Henry II, 1154-1189 |
| Form subdivision |
Fiction. |
| 9 (RLIN) |
11941 |
| 651 #0 - SUBJECT ADDED ENTRY--GEOGRAPHIC NAME |
| Geographic name |
Great Britain |
| General subdivision |
Court and courtiers |
| Form subdivision |
Fiction. |
| 9 (RLIN) |
98711 |
| 655 #0 - INDEX TERM--GENRE/FORM |
| Genre/form data or focus term |
Historical fiction. |
| 655 #0 - INDEX TERM--GENRE/FORM |
| Genre/form data or focus term |
Biographical fiction. |
| 9 (RLIN) |
416 |
| 655 #7 - INDEX TERM--GENRE/FORM |
| Genre/form data or focus term |
Historical fiction. |
| Source of term |
gsafd |
| 9 (RLIN) |
98712 |
| 655 #7 - INDEX TERM--GENRE/FORM |
| Genre/form data or focus term |
Biographical fiction. |
| Source of term |
gsafd |
| 9 (RLIN) |
416 |
| 906 ## - LOCAL DATA ELEMENT F, LDF (RLIN) |
| a |
7 |
| b |
cbc |
| c |
orignew |
| d |
1 |
| e |
ecip |
| f |
20 |
| g |
y-gencatlg |
| 942 ## - ADDED ENTRY ELEMENTS (KOHA) |
| Source of classification or shelving scheme |
|
| Koha item type |
Book |